Statistics for Countries that Visit Japan the Most

Click here to take the quiz!

General Stats

  • This quiz has been taken 22,313 times
    (5,866 since last reset)
  • The average score is 15 of 17

Answer Stats

Visitors Country % Correct
8,380,034China
100%
1,526,407United States
99%
7,538,952South Korea
96%
333,979United Kingdom
96%
304,896France
95%
552,440Australia
92%
215,336Germany
92%
330,600Canada
91%
154,029India
89%
396,852Indonesia
88%
389,004Vietnam
85%
1,132,160Thailand
83%
150,060Italy
81%
4,757,258Taiwan
81%
503,976Philippines
80%
468,360Malaysia
76%
437,280Singapore
69%

Score Distribution

Percentile by Number Answered

Percent of People with Each Score

Your Score History

You have not taken this quiz since the last reset